MK-(SV)KỸ THUẬT ĐIỆN THOẠI QUA IP & INTERNET

Сохранить в:
Библиографические подробности
Главный автор: Nguyễn hồng sơn
Формат:
Язык:Vietnamese
Опубликовано: Lao động xã hội 2003
Метки: Добавить метку
Нет меток, Требуется 1-ая метка записи!
Thư viện lưu trữ: Mạng thư viện Đại học Đà Nẵng
LEADER 00655nam a2200277 4500
001 000026224
003 22
005 20150204120000.0
008 150204s vm 000 vie
020 |c 32000,0000 
040 |a D3 
100 |a Nguyễn hồng sơn 
245 |a MK-(SV)KỸ THUẬT ĐIỆN THOẠI QUA IP & INTERNET 
260 |b Lao động xã hội  |c 2003 
300 |a 218tr. ; 
OWN |a LTT 
999 |a From the UDN01 
TYP |a Monograph 
TYP |a Printed language 
980 |a Mạng thư viện Đại học Đà Nẵng